| 000 | 00949nam a22002537a 4500 | ||
|---|---|---|---|
| 001 | 6836 | ||
| 003 | FISKH | ||
| 005 | 20251124104933.0 | ||
| 008 | 250530b cb ||||| |||| 00| 0 eng d | ||
| 040 |
_aFISKH _beng _cFISKH _dFISKH |
||
| 050 | _aPZ7 | ||
| 082 | _a155.4 | ||
| 100 | _aLederle, Wyeth | ||
| 245 |
_aTake a look and see... every inch of me / _cby Scholastic Inc and Wyeth Lederle |
||
| 260 |
_aNew York : _bScholastic, _c2000. |
||
| 300 |
_a23 pages : _billustrations ; _c23 cm |
||
| 505 | _aG | ||
| 520 | _aBobo, is an empowering picture book celebrating self-love, body positivity, and confidence in children. It uses lyrical language and expressive illustrations to affirm that every part of a child—inside and out—is worthy and beautiful. | ||
| 521 | 8 |
_a380
_bLexile estimate |
|
| 521 | 8 |
_aG
_bRaz-Plus |
|
| 650 |
_aAll About Me _vBody Parts _xGrowth and Change |
||
| 942 |
_2ddc _cBK _n0 |
||
| 999 |
_c6836 _d6836 |
||